LEADER 01234nam--2200361---450 001 990001292220203316 005 20200907100817.0 035 $a000129222 035 $aUSA01000129222 035 $a(ALEPH)000129222USA01 035 $a000129222 100 $a20031201d1981----km-y0itay0103----ba 101 0 $aita 102 $aIT 105 $a||||||||001yy 200 1 $a<> comentari$fdi Enea Silvio Piccolomini$ga cura [e trad.] di Giuseppe Bernetti 210 $aMilano$cLonganesi$d1981 215 $a2 volumi (1469 p. compl.) 225 2 $a<> cento libri$v55 312 $aCommentarii rerum memorabilium quae temporibus suis contigerunt 410 0$12001$a<> cento libri$v55 454 1$12001$aCommentarii rerum memorabilium quae temporibus suis contigerunt$914190 676 $a878.04 700 0$aPIUS $0177706 702 1$aBERNETTI,$bGiuseppe 801 0$aIT$bsalbc$gISBD 912 $a990001292220203316 951 $aX.1.A. 12/1 (Varie coll. 204/55 1)$b93592 L.M.$cVarie coll. 951 $aX.1.A. 12/2 (Varie coll. 204/55 2)$b93593 L.M.$cVarie coll. 959 $aBK 969 $aUMA 996 $aCommentarii rerum memorabilium quae temporibus suis contigerunt$914190 997 $aUNISA LEADER 01743oam 2200529M 450 001 9910715677503321 005 20191121065729.4 035 $a(CKB)5470000002513287 035 $a(OCoLC)1065801277 035 $a(OCoLC)995470000002513287 035 $a(EXLCZ)995470000002513287 100 $a20070221d1838 ua 0 101 0 $aeng 135 $aurcn||||||||| 181 $ctxt$2rdacontent 182 $cc$2rdamedia 183 $acr$2rdacarrier 200 10$aFrederick Frey & Co. (To accompany Bill H.R. No. 275.) January 4, 1838 210 1$a[Washington, D.C.] :$c[publisher not identified],$d1838. 215 $a1 online resource (2 pages) 225 1 $aHouse report / 25th Congress, 2nd session. House ;$vno. 235 225 1 $a[United States congressional serial set ] ;$v[serial no. 333] 300 $aBatch processed record: Metadata reviewed, not verified. Some fields updated by batch processes. 300 $aFDLP item number not assigned. 517 $aFrederick Frey & Co. 606 $aClaims 606 $aDrawbacks 606 $aExports 606 $aForeign trade promotion 606 $aForeign trade and employment 606 $aImports 608 $aLegislative materials.$2lcgft 615 0$aClaims. 615 0$aDrawbacks. 615 0$aExports. 615 0$aForeign trade promotion. 615 0$aForeign trade and employment. 615 0$aImports. 701 $aWorthington$b John Tolley Hood$f1788-1849$pDemocrat (MD)$01397469 801 0$bWYU 801 1$bWYU 801 2$bOCLCO 801 2$bOCLCQ 906 $aBOOK 912 $a9910715677503321 996 $aFrederick Frey & Co. (To accompany Bill H.R. No. 275.) January 4, 1838$93459149 997 $aUNINA